Ambedkar's social revolution: The thought and legacy of India's champion of social justice (Record no. 394218)
[ view plain ]
| 000 -LEADER | |
|---|---|
| fixed length control field | 00609 a2200217 4500 |
| 005 - DATE & TIME | |
| control field | 20260108113435.0 |
| 008 - FIXED-LENGTH DATA ELEMENTS--GENERAL INFORMATION | |
| fixed length control field | 260105b |||||||| |||| 00| 0 eng d |
| 020 ## - ISBN | |
| International Standard Book Number | 9789391113452 |
| Price | Rs. 1295.00 |
| 040 ## - CATALOGING SOURCE | |
| Original cataloging agency | VIVEKANANDA LIBRARY |
| 082 ## - DDC NUMBER | |
| Classification number | 305.5670954092 |
| Book Number | A16L:A |
| 100 ## - MAIN ENTRY--PERSONAL NAME | |
| Personal name | Laxmi, N |
| 245 ## - TITLE STATEMENT | |
| Title | Ambedkar's social revolution: The thought and legacy of India's champion of social justice |
| 260 ## - PUBLICATION, DISTRIBUTION, ETC. (IMPRINT) | |
| Place of publication, distribution, etc | Delhi |
| Name of publisher, distributor, etc | Kitabwallah |
| Date of publication, distribution, etc | 2023 |
| 300 ## - PHYSICAL DESCRIPTION | |
| Pages | 256 |
| 650 ## - Subject | |
| Subject | Social Sciences |
| 650 ## - Subject | |
| Subject | Social Groups |
| 650 ## - Subject | |
| Subject | Scheduled castes-India |
| 700 ## - Added Entry Personal Name | |
| Added Entry Personal Name | Rao, K S |
| 700 ## - Added Entry Personal Name | |
| Added Entry Personal Name | Manoj Singh |
| 942 ## - ADDED ENTRY ELEMENTS (KOHA) | |
| Koha item type | Books |
| Withdrawn status | Lost status | Source of classification or shelving scheme | Damaged status | Not for loan | Location (home branch) | Sublocation or collection (holding branch) | Shelving location | Date acquired | Koha issues (times borrowed) | Koha full call number | Accession No. | Koha date last seen | Koha item type |
|---|---|---|---|---|---|---|---|---|---|---|---|---|---|
| Dewey Decimal Classification | VIVEKANANDA LIBRARY | VIVEKANANDA LIBRARY | Dr. Mangal Sen Chair | 12/12/2025 | 305.5670954092 A16L:A | 443602 | 12/12/2025 | Books |
